000 00553nam a22001577a 4500
008 220517b |||||||| |||| 00| 0 eng d
020 _a0195025628.
050 _aE443.B55 1979
100 _aBlassingame W. John
_951640
245 _aThe slave community;
_bplantation life in the antebellum south
_cJohn W. Blassingame
260 _aNew York:
_bOxford University Press,
300 _axvii,414p.;
_c20cm.
650 _aSlavery in the United States
_xsouthern states
_951641
650 _aplantation life
_xsouthern states
_951642
942 _2lcc
_cMONOGRAPH
999 _c131448
_d131448